Statystyki dla Piłkarze Real Madryt 2!

Kliknij tutaj aby rozwiązać quiz!

Ogólne statystyki

  • Ten quiz został rozwiązany 123 razy
  • Średni wynik to 54 z 136

Statystyki odpowiedzi

PozycjaNarodowośćObecny klubOdpowiedź% Poprawnych
BramkarzHiszpaniaLeedsCasilla
94%
BramkarzKostarykaPSGNavas
94%
ObrońcaHiszpaniaReal MadrytRamos
92%
BramkarzBelgiaReal MadrytCourtois
87%
BramkarzHiszpania-Casillas
85%
BramkarzPolska-Dudek
85%
NapastnikBrazylia-Ronaldo
85%
NapastnikPortugaliaJuventusRonaldo
85%
ObrońcaPortugaliaPortoPepe
84%
PomocnikNiemcyReal MadrytKroos
82%
NapastnikWaliaTottenhamBale
81%
NapastnikFrancjaReal MadrytBenzema
81%
ObrońcaBrazyliaReal MadrytMarcelo
81%
PomocnikChorwacjaReal MadrytModric
80%
ObrońcaFrancjaReal MadrytVarane
80%
ObrońcaHiszpaniaReal MadrytCarvajal
77%
PomocnikBrazyliaReal MadrytCasemiro
76%
NapastnikArgentynaPSGDi Maria
76%
ObrońcaBrazyliaReal MadrytMilitao
76%
NapastnikBelgiaReal MadrytHazard
74%
PomocnikUrugwajReal MadrytValverde
73%
PomocnikFrancja-Zidane
73%
ObrońcaBrazylia-Carlos
72%
ObrońcaFrancjaReal MadrytMendy
72%
NapastnikSerbiaEintracht FrankfurtJovic
71%
PomocnikKolumbiaEvertonRodriguez
69%
NapastnikMeksykLA GalaxyChicharito/Hernandez
68%
NapastnikBrazyliaReal MadrytRodrygo
68%
PomocnikMarokoInter MediolanHakimi
67%
ObrońcaFrancjaMilanHernandez
64%
NapastnikArgentynaInter MiamiHiguain
64%
NapastnikHiszpaniaJuventusMorata
64%
PomocnikAnglia-Beckham
63%
ObrońcaHiszpaniaReal MadrytFernandez
63%
PomocnikHiszpania-Fernandez
63%
PomocnikChorwacjaChelseaKovacic
63%
BramkarzHiszpaniaEspanyolLopez
63%
PomocnikHiszpaniaReal MadrytIsco
62%
PomocnikNiemcyFenerbahceOzil
62%
PomocnikHiszpaniaMilanDiaz
61%
NapastnikDominikanaReal MadrytDiaz
61%
PomocnikNorwegiaArsenalOdegaard
61%
ObrońcaHiszpania-Hierro
60%
NapastnikBrazyliaReal MadrytJunior
60%
NapastnikHiszpaniaReal MadrytAsensio
58%
NapastnikHolandiaGroningenRobben
58%
PomocnikHiszpaniaArsenalCeballos
57%
NapastnikPortugalia-Figo
57%
NapastnikHiszpania-Raul
57%
PomocnikGhanaPauzujeEssien
56%
NapastnikHiszpaniaReal MadrytVazquez
56%
ObrońcaBrazyliaJuventusDanilo
55%
PomocnikNiemcyHertha BerlinKhedira
53%
NapastnikHolandiaSchalkeHuntelaar
52%
ObrońcaWłochy-Cannavaro
51%
ObrońcaPortugaliaRio AveCoentrao
49%
PomocnikBrazylia-Kaka
49%
PomocnikHiszpania-Guti
48%
PomocnikHiszpaniaAtletico MadrytLlorente
48%
ObrońcaHiszpaniaGranadaVallejo
48%
BramkarzHiszpaniaSporting CPAdan
44%
ObrońcaHiszpaniaVillarrealAlbiol
44%
PomocnikHiszpaniaReal SociedadIllarramendi
43%
NapastnikHiszpaniaLas PalmasJese
43%
NapastnikAnglia-Owen
43%
ObrońcaHiszpaniaTottenhamReguilon
43%
NapastnikTogoBez klubuAdebayor
40%
NapastnikHiszpaniaRomaMayoral
40%
PomocnikHiszpania-Alonso
39%
ObrońcaHiszpania-Arbeloa
39%
PomocnikFrancja-Makelele
37%
ObrońcaHiszpaniaReal MadrytOdriozola
37%
NapastnikHiszpaniaFiorentinaCallejon
36%
NapastnikHolandia-van Nistelrooy
35%
ObrońcaPortugalia-Carvalho
34%
PomocnikTurcjaAntalyasporSahin
32%
PomocnikMali-Diarra
29%
PomocnikFrancja-Diarra
29%
NapastnikBrazyliaBez klubuRobinho
29%
NapastnikHiszpania-Morientes
28%
PomocnikHolandia-Sneijder
28%
PomocnikHiszpaniaReal BetisCanales
27%
PomocnikTurcja-Altintop
25%
PomocnikArgentyna-Gago
24%
ObrońcaHiszpania-Salgado
23%
BramkarzHiszpania-Sanchez
23%
NapastnikHiszpaniaGranadaSoldado
22%
ObrońcaArgentynaBez klubuGaray
21%
ObrońcaHiszpania-Helguera
21%
NapastnikHiszpaniaReal Madryt CastillaArribas
19%
ObrońcaAnglia-Woodgate
19%
PomocnikHolandiaRacing MurciaDrenthe
18%
NapastnikHiszpania[*]Reyes
18%
PomocnikHolandia-van der Vaart
18%
NapastnikHiszpaniaEibarLeon
17%
PomocnikHiszpaniaMarbellaGranero
16%
PomocnikAnglia-McManaman
15%
PomocnikUrugwaj-Garcia
14%
PomocnikHiszpaniaBoavistaGarcia
14%
ObrońcaNiemcy-Metzelder
14%
NapastnikWłochy-Cassano
13%
ObrońcaArgentyna-Heinze
13%
PomocnikArgentyna-Solari
13%
PomocnikDania-Gravesen
12%
ObrońcaHiszpaniaBez klubuJuanfran
12%
ObrońcaArgentyna-Samuel
12%
ObrońcaHiszpania-Sanchis
12%
NapastnikBrazylia-Savio
12%
PomocnikBrazylia-Baptista
11%
PomocnikArgentyna-Cambiasso
11%
NapastnikArgentyna-Saviola
11%
ObrońcaHiszpania-Torres
11%
ObrońcaBrazylia-Cesar
8%
ObrońcaHiszpania-Pavon
8%
PomocnikHiszpania-de la Red
7%
ObrońcaHiszpania-Gonzalez
6%
BramkarzNiemcy-Illgner
6%
ObrońcaHiszpania-Bravo
5%
PomocnikHiszpania-Campo
5%
ObrońcaBrazylia-Cicinho
4%
PomocnikKamerun-Geremi
4%
PomocnikBrazylia-Emerson
3%
ObrońcaHiszpania-Karanka
3%
ObrońcaHiszpaniaAl-ShahaniaMejia
3%
NapastnikHiszpania-Nunez
3%
NapastnikGwinea Równikowa-Balboa
2%
NapastnikBośnia i Hercegowina-Baljic
2%
PomocnikHiszpania-Celades
2%
PomocnikBrazylia-Conceicao
2%
ObrońcaUrugwaj-Diogo
2%
ObrońcaHiszpania-Minambres
2%
NapastnikSerbia-Ognjenovic
2%
NapastnikHiszpania-Portillo
2%
PomocnikHiszpania-Tote
2%
PomocnikHiszpania-Benito
1%
NapastnikHiszpania-Munitis
1%

Rozkład punktacji

Percentyl według liczby udzielonych odpowiedzi

Procent ludzi z każdym wynikiem

Twoja historia wyników

Nie rozwiązałeś tego quizu